000 02218cam a22004694i 4500
003 PE-LiUPU
005 20250731173341.0
008 150706s2007 sp r 000 0 spa d
020 _a9788481649406
035 _a(Sirsi) i9788481649406
040 _aPE-LiUPU
_bspa
_cPE-LiUPU
_erda
049 _aPRUA
082 0 4 _a232
_bH16
_221
100 1 _aHaight, Roger,
_eautor.
245 1 0 _aJesús, símbolo de Dios /
_cRoger Haight ; traducción de Antonio Piñero.
264 1 _aMadrid :
_bTrotta,
_c[2007].
300 _a592 páginas ;
_c23 centímetros.
336 _atext
_2rdacontent
337 _aunmediated
_2rdamedia
338 _avolume
_2rdacarrier
490 0 _aColección Estructuras y procesos. Serie Religión
505 0 _aCuestiones de método -- Teología y cristología -- El método de la cristología -- Fuentes bíblicas -- La apropiación de Jesús en la cristología -- El Dios de Jesús -- La resurrección de Jesús -- El pluralismo de las soteriologías y cristologías del Nuevo Testamento -- Tradición Clásica -- La estructura de la cristología -- El desarrollo de la soteriología clásica -- La interpretación de Nicea y de Calcedonia -- Cristología constructiva -- Más allá de Schleiermacher y Barth -- Jesús como salvador -- Liberación y salvación: cristología y vida cristiana -- Jesús y las religiones del mundo -- La divinidad de Jesucristo -- La Trinidad.
526 _aSEG42
526 _aSEG41
526 _aSEG40
526 _aSEG39
526 _aP94
526 _aP87
526 _aP86
526 _aP85
526 _aP77
526 _aP76
526 _aP35
541 _g007-0020316;
650 0 4 _aCristología.
910 _agl
_bjv
_cng
_d20090910
942 _2ddc
_cBOOK
949 _a232 H16
_wDEWEY
_c1
_i60314
_d2016-6-10
_e2016-6-7
_lCCODEBUL1
_mBUL
_n1
_p70.00
_r0
_sY
_tBOOK
_u2015-7-6
_xTEOLOGIA
_zUNKNOWN
_0COMPRA
_o.STAFF. Colección Teología
994 _aC0
_bPEPRU
596 _a1
999 _a232 H16
_wDEWEY
_c49775
_i60314
_d49775
_e2019-10-7
_f2021-11-9
_g5
_lCCODEBUL1
_mBUL
_n3
_p70.00
_r0
_sY
_tBOOK
_u2015-7-6
_xTEOLOGIA
_PP35
_0COMPRA
_o.STAFF. Colección Teología
980 _81
_gALBERTO SANCHEZ Responsable de Automatización